[Event "SD-2012-0-00143"]
[Site "LSS email"]
[Date "2012.08.24"]
[Round "?"]
[White "Perepechenko, Vladislav"]
[Black "Taroma Corpus, Roger"]
[Result "1-0"]
[WhiteElo "1972"]
[BlackElo "1758"]
[PlyCount "107"]
[EventDate "2012.07.11"]
[EventType "tourn (corr)"]
[EventRounds "6"]
[EventCountry "GER"]
[SourceTitle "Telechess CBM 161"]
[Source "ChessBase"]
[SourceDate "2014.07.16"]
[SourceVersion "1"]
[SourceVersionDate "2014.07.16"]
[SourceQuality "1"]

1. e4 e5 2. Nf3 Nc6 3. Bb5 Bc5 4. 0-0 Nge7 5. c3 Bb6 6. d4 exd4 7. cxd4 Ng6 8. Nc3 0-0 9. Bg5 Nce7 10. Bc4 Kh8 11. Re1 f6 12. Be3 d6 13. h3 c6 14. a3 d5 15. exd5 cxd5 16. Ba2 Bf5 17. Rc1 Rc8 18. Bd2 Rc6 19. Qb3 Be6 20. Bb1 Bc8 21. Bc2 Bc7 22. Bxg6 hxg6 23. Re2 a6 24. Rce1 Bd6 25. Bf4 Bxf4 26. Rxe7 Rc4 27. Nh4 Kh7 28. Qc2 f5 29. Nf3 Rc7 30. Rxc7 Qxc7 31. Qb3 Rd8 32. h4 b5 33. g3 Bh6 34. Ne5 Qe7 35. f4 Bb7 36. Nd3 Qf6 37. Re5 Ba8 38. Qb4 Rd6 39. Qa5 Qf8 40. Qc7 Rc6 41. Qd7 Rc8 42. Re6 Rd8 43. Qa7 a5 44. Qxa5 Qg8 45. Ne5 b4 46. axb4 Rb8 47. Rxg6 Qe8 48. b5 Rc8 49. Qa6 Rb8 50. Re6 Qh5 51. Re7 Re8 52. Qe6 Rd8 53. b6 Rg8 54. b7 1-0

[Event "SD-2012-0-00143"]
[Site "LSS email"]
[Date "2012.08.24"]
[Round "?"]
[White "Taroma Corpus, Roger"]
[Black "Basson, Heinrich"]
[Result "1-0"]
[WhiteElo "1758"]
[BlackElo "1399"]
[PlyCount "25"]
[EventDate "2012.07.11"]
[EventType "tourn (corr)"]
[EventRounds "6"]
[EventCountry "GER"]
[SourceTitle "Corr 2015"]
[Source "ChessBase"]
[SourceDate "2015.07.17"]
[SourceVersion "1"]
[SourceVersionDate "2015.07.17"]
[SourceQuality "1"]

1. e4 c6 2. d4 d5 3. e5 Bf5 4. Nf3 e6 5. Be2 c5 6. Be3 Nc6 7. dxc5 Nge7 8. c3 a5 9. Qa4 Qd7 10. Bb5 Be4 11. Nbd2 Bxf3 12. Nxf3 Nf5 13. Nd4 1-0